000 00483nam a2200205Ia 4500
008 170918s9999 xx 000 0 und d
020 _a9780399244575
050 _bF583 2008
100 _aFlanagan, John
245 4 _aThe battle for Skandia /
245 _cby John Flanagan.
260 _aUSA :
260 _bPuffin Books,
260 _c2008
300 _a294 pages :
300 _billustrations ;
300 _c19cm.
300 _eRanger's apprentice ;
440 _a4
999 _c343373
_d343373